| 000 | 00491nas a22001811 4500 | ||
|---|---|---|---|
| 001 | 0000019334 | ||
| 005 | 20151217160930.0 | ||
| 008 | 101028c xxur p 0 0eng d | ||
| 040 |
_aKABU _cKABU |
||
| 245 | 0 | 0 | _aMarketing Africa. |
| 260 |
_aNairobi : _bMarketing Africa Ltd. |
||
| 300 |
_av : _bill. |
||
| 310 | _aBimonthly, | ||
| 650 | 0 |
_aMarketing _vPeriodicals _zAfrica. _@0000179055 |
|
| 908 | _a101028 | ||
| 950 | _@1 | ||
| 999 |
_c14805 _d14805 |
||